Word Ladder: Yellow Bricks Quiz Stats

Quiz Updated Oct 6, 2016

Challenge
Share
Tweet
Embed
Score 0/69 Timer 07:00
1 Play Today
Hint 4-Letter Word % Correct
Black cawing birdCROW
97.2%
▶ Examination, quiz ◀TEST
95%
Become unfrozenTHAW
94.5%
Magician's stickWAND
94.3%
Song for twoDUET
94.3%
Wine bottle stopperCORK
93.9%
Former president WBUSH
93.6%
Rabbit relativeHARE
93.6%
UncommonRARE
93.4%
GiganticHUGE
93.3%
Crush or grind with the teethCHEW
93.2%
Plant product grown by farmersCROP
93.2%
▶ Group of people working together ◀CREW
93%
▶ Speed contest ◀RACE
93%
▶ Set of cards dealt ◀HAND
92.9%
▶ Catch foot and stumble ◀TRIP
92.7%
Jackman, Laurie or DownsHUGH
92.1%
Hospital subdivisionWARD
92%
▶ Exhibition, spectacle ◀SHOW
91.9%
Head and shoulder sculptureBUST
91.9%
Playwright George BernardSHAW
91.8%
Fight between two people DUEL
91.6%
▶ Tiny, dry particles ◀DUST
91.6%
▶ Firm and unyielding ◀HARD
91.3%
Military foodCHOW
91.1%
▶ Assassinate, slay ◀KILL
90.8%
Part of a sentenceWORD
90.7%
Reduced prices eventSALE
90.6%
Large shopping areaMALL
90.6%
▶ Sodium chloride ◀SALT
90.4%
Send letter by postMAIL
90.3%
Having XY chromosomes MALE
90.2%
L.A. gang memberCRIP
90.2%
▶ Toil for payment ◀WORK
89.7%
Udder nippleTEAT
89.5%
Hint 4-Letter Word % Correct
▶ Of great vertical extent ◀HIGH
89.2%
Form curved shape in hairCURL
89.1%
Knee-length tartan skirtKILT
89.1%
Small Olympic sledLUGE
89.1%
Audible breathSIGH
89.1%
Demonstrative pronounTHAT
88.5%
Fine river sedimentSILT
88.4%
Fine, open fabricLACE
88.2%
Made when milk soursCURD
88.1%
Measurement of firewoodCORD
87.2%
Trigonometric function SINE
85.3%
Coming in at the endLAST
85.1%
Cash registerTILL
84.8%
Lacking interest or excitementDULL
84.8%
Diplomat-author Clare BootheLUCE
84.1%
Fictitious tall storyTALE
83.1%
Strike with a whipLASH
82.6%
Cautionary conjunctionLEST
82.5%
Selective slaughter of animalsCULL
81.2%
Band of Lee, Peart and LifesonRUSH
81.1%
▶ Portent, forewarning ◀SIGN
81%
▶ Reckless, impulsive ◀RASH
80.1%
▶ Number of casualties in disaster ◀TOLL
77.8%
▶ Left or right flank ◀SIDE
76.8%
Irish political group ____ FeinSINN
73.6%
Lacquered tinplateTOLE
69.7%
Aromatic grayish-green herbSAGE
60.9%
Unhealthy rattle of lungsRALE
57.6%
Nigerian-British singer AduSADE
57.5%
▶ Suddenly popular trend ◀RAGE
56.1%
▶ Persistently complain or protest ◀RAIL
50%
Disturb or agitateROIL
40.2%
Anabolic supplement (abbrev.)'ROID
38.4%
▶▶ COMMON BOND ◀◀ROAD
31%

Today's Daily Dose

Missing Word
NPR Programs

Quick Pick
1991 Events

On This Day
June 18th II

You're not logged in!

Compare scores with friends on all Sporcle quizzes.
Join for Free
OR
Log In

You Might Also Like...

Show Comments

Extras

Top Quizzes Today


Score Distribution

Your Account Isn't Verified!

In order to create a playlist on Sporcle, you need to verify the email address you used during registration. Go to your Sporcle Settings to finish the process.

Report this User

Report this user for behavior that violates our Community Guidelines.

Details: